00921nam a22002177a 4500003000900000008004100009020001800050040007100068082001800139100003100157245006600188260002900254300005400283505025700337650001600594650002300610650002400633650002600657650001000683650001000693AR-CdUCM190227b ||||| |||| 00| 0 spa d a9786124737220 aMUNICIPALIDAD PROVINCIAL DEL CUSCOcBIBLIOTECA MUNICIPAL DEL CUSCO a985.01 /bG24 aGarcilaso de la Vega, Inca aComentarios reales de los incas / cInca Garcilaso de la Vega aCusco : bKuskin,c2017. a212 páginas ; bilustraciones en color,c20 cm. a [Libro primero al libro noveno] Manco Cápac -- Sinchi Roca -- Lloque Yupanqui -- Mayta Capac -- Cápac Yupanqui -- Inca roca -- Yawar Huaca -- Viracocha -- Pachacuteq -- Inca Yupanqui -- Túpac yupanqui -- Huaina Capac -- Huascar -- Atahuallpa ... aCrónicas  aCronistas peruanos aCrónicas peruanas aHistoria de los Incas aInkas aIncas